000 01153cam a22002531i 4500
003 SA-RiAUC
005 20250918062033.0
008 250916s1995 su g 000 0bara c
040 _aSA-JeALM
_bara
_cSA-RiAUC.
_erda
082 0 4 _a928.1
_qSA-RiAUC
090 _a928.1
_bج د ع
100 1 _aجدع، محمد إبراهيم،
_d1331-1399 هجري
_eمؤلف.
245 1 0 _aالبهاء زهير :
_bشاعر حجازي /
_cمحمد إبراهيم جدع ؛ تقديم عبد الإله جدع
264 1 _aجدة، السعودية :
_bعبد المقصود محمد سعيد خوجة،
_c1995.
300 _a127 صفحة ؛
_c24 سم.
336 _aنص
_btxt
_2rdacontent
_3كتاب
337 _aبدون وسيط
_bn
_2rdamedia
490 0 _aكتاب الأثنينية ؛
_v3
600 1 7 _aالبهاء زهير، زهير بن محمد بن علي،
_d581-656 هجري
_2aucnm
650 7 _aالشعراء العرب
_yالعصر العباسي الثاني
_vتراجم
_2aucsh
700 1 _aجدع، عبد الإله محمد إبراهيم،
_d1376 هجري-
_eمقدم.
942 _2ddc
_cBOOK
_n0
949 _aSA-JeALM
_d250916
_uosman123
_n1
999 _c11881
_d11881